La orientación profesional para elegir fundamentadamente una ocupación : propuesta alternativa (Record no. 150370)

MARC details
000 -CABECERA
campo de control de longitud fija 00587nab a2200181 a 4500
005 - FECHA Y HORA DE LA ÚLTIMA TRANSACCIÓN
campo de control 20210223131411.0
008 - ELEMENTOS DE LONGITUD FIJA--INFORMACIÓN GENERAL
campo de control de longitud fija 991125s1985 mx 000 0 spa u
035 ## - NÚMERO DE CONTROL DEL SISTEMA
Número de control de sistema UPN01000178267
100 1# - ASIENTO PRINCIPAL--NOMBRE PERSONAL
Nombre de persona Fuentes Navarro, María Teresa
9 (RLIN) 39200
222 ## - TÍTULO CLAVE
Título clave REVISTA MEXICANA DE PSICOLOGIA
245 ## - MENCIÓN DE TÍTULO
Título La orientación profesional para elegir fundamentadamente una ocupación : propuesta alternativa
300 ## - DESCRIPCIÓN FÍSICA
Extensión 237-246
362 0# - FECHAS DE PUBLICACIÓN Y/O DESIGNACIÓN SECUENCIAL
Fecha de publicación y/o designación secuencial 2010 Vol. 27, no. 2, jun.
653 0# - TERMINO DE INDIZACION - NO CONTROLADO
Término no controlado ORIENTACION VOCACIONAL
653 0# - TERMINO DE INDIZACION - NO CONTROLADO
Término no controlado ELECCION DE CARRERA
653 0# - TERMINO DE INDIZACION - NO CONTROLADO
Término no controlado PRACTICA PROFESIONAL
905 ## - TIPO DE MATERIAL
Tipo de material Articulo

No items available.